International Journal of Computational Intelligence Research (Record no. 29158)

MARC details
000 -LEADER
fixed length control field 00244nam a22000977a 4500
003 - CONTROL NUMBER IDENTIFIER
control field SGT
245 ## - TITLE STATEMENT
Title International Journal of Computational Intelligence Research
260 ## - PUBLICATION, DISTRIBUTION, ETC. (IMPRINT)
Name of publisher, distributor, etc World Scientific Publication
Year of Publication 2020
300 ## - PAGE DESCRIPTION
No. of Pages 400
942 ## - ADDED ENTRY ELEMENTS (KOHA)
Source of classification or shelving scheme Dewey Decimal Classification
Koha item type Back Volumes
Holdings
Withdrawn status Lost status Source of classification or shelving scheme Damaged status Use restrictions Not for loan Collection code Home library Current library Shelving location Date acquired Vendor Name Volume Information (Serial or Books or Non-Book Material) Total Checkouts Accession No. (Barcode) Date last seen Bill Date Koha item type
    Dewey Decimal Classification   Restricted Access Not For Loan ENGINEERING SGT Engineering Library SGT Engineering Library On Display 18/01/2025 AHUJA PUBLISHER 16   FEP266 18/01/2025 18/01/2025 Back Volumes